000 00498nam a2200181 i 4500
001 83747
003 ES-MaACL
005 20251005063057.0
007 t|
008 041118s1969 sp ||||1| spa d
100 1 _aJarnés Bergua, Enrique,
_d1919-1986
_966132
245 1 0 _aCuerpos y mentes /
_cE. Jarnés Bergua.
250 _a[1ª ed.].
260 _a[Madrid] :
_bRollán,
_c[1969]
300 _a245 p. ;
_c18 cm.
852 _aES-MaACL
_jC-42062
_bR.77837
999 _c83747
_d83747